000 00596nam a2200241 a 4500
001 nice12345678
003 IN_TiNIC
005 20260116011535.0
008 050524s0000 lona grp 000 0 per
020 _a
_c100
082 0 0 _a297.63
_bKAM
100 _aTahiri, Abuln Qasim
245 _aKirdaar-O-Guftar-E-Muhammad
260 _aLondon
_bNo Publisher
_c0000
300 _a247p
500 _aincludes index and biblioraphy
505 2 _aPlus Some Other Tracts
650 _aMuhammad, Prophet
700 1 _aTahiri, Abuln Qasim
902 _bSRS
942 _cBK
999 _c2456
_d2456